00905nam a22002657a 450000500170000000800410001701000100005801100100006803500100007808200210008811100790010924500130018826000790020130000110028050000120029159000410030359000410034459000410038559000420042665000350046865000510050390100070055494900610056199900170062220220329141224.0971010s1984 r 10010 d a64627 a65599 a72661 a636.08bR46 198400aReunión de Investigación en México (d1984c: México, D.F.)996306 aMemorias aMéxico, D.F. :bInstituto Nacional de Investigaciones Pecuarias,c[1984] a389 p. aD98-190 aBATCH-UPDb10c20130110lUCH01h0719 aBATCH-UPDb10c20130410lUCH01h0404 aBATCH-UPDb10c20130914lUCH01h1500 aCONVERSIONb10c20130109lUCH01h133514aGanaderíaxCongresos.94467714aGanaderíaxInvestigaciónzMéxico.944808 aBK a636.08 R46 1984bZAcLIBROd-5377eLIBROh4894i72661si c64627d64627